| 000 | 00853nam a2200253 i 4500 | ||
|---|---|---|---|
| 001 | C2-0247503 | ||
| 003 | PPAK | ||
| 005 | 20180727212054.0 | ||
| 008 | 030326s2001 nyua|||| ||||| | eng d | ||
| 020 | _a0684871769 | ||
| 040 |
_aPPAK _beng _cPPAK _erda |
||
| 082 | 0 | 4 |
_a359.00973 _223 |
| 090 | 0 | 0 |
_a359.00973 _bLEH _dR |
| 100 | 1 |
_aLehman, John, _eauthor |
|
| 245 | 1 | 0 |
_aOn seas of glory : _bheroic men, great ships, and epic battles of the American Navy |
| 264 | 1 |
_aNew York : _bThe Free Press , _c2001 |
|
| 300 |
_a436 pages : _billustrations ; _c24 cm |
||
| 336 |
_2rdacontent _atext |
||
| 337 |
_2rdamedia _aunmediated |
||
| 338 |
_2rdacarrier _avolume |
||
| 500 | _aIncludes bibliographical references and index | ||
| 650 | 1 | 0 | _aUnited States - History, Naval ; United States. Navy - History ; United States. Navy - Biography |
| 942 |
_ddc _cB |
||
| 999 |
_c61367 _d61367 |
||